000
00305nam a22001337a 4500
008
180308b xxu||||| |||| 00| 0 eng d
020
_a
0813301661
041
_a
eng
080
_a
32
100
_a
20
101
_a
POL
245
_a
Political messianism the romantic phase
_c
Talmon,J.L
942
_2
udc
_c
BK
999
_c
44441
_d
44441